G̲h̲air mulkī sayyāḥ kā safarnāmah-yi Lāhaur / (Record no. 534843)
[ view plain ]
| 000 -LEADER | |
|---|---|
| fixed length control field | 00837cam a22002777a 4500 |
| 001 - CONTROL NUMBER | |
| control field | 14993570 |
| 003 - CONTROL NUMBER IDENTIFIER | |
| control field | NUST |
| 005 - DATE AND TIME OF LATEST TRANSACTION | |
| control field | 20200716105428.0 |
| 008 - FIXED-LENGTH DATA ELEMENTS--GENERAL INFORMATION | |
| fixed length control field | 070905s2007 pk 000 0 urd |
| 010 ## - LIBRARY OF CONGRESS CONTROL NUMBER | |
| LC control number | 2007432537 |
| 025 ## - OVERSEAS ACQUISITION NUMBER | |
| Overseas acquisition number | P-U-2007432537; 10; 11 |
| 038 ## - RECORD CONTENT LICENSOR | |
| Staff Name | Arshad |
| 040 ## - CATALOGING SOURCE | |
| Original cataloging agency | DLC |
| Transcribing agency | DLC |
| 042 ## - AUTHENTICATION CODE | |
| Authentication code | lcode |
| 050 00 - LIBRARY OF CONGRESS CALL NUMBER | |
| Classification number | MLCSA 2007/01573 (P) |
| 082 ## - DEWEY DECIMAL CLASSIFICATION NUMBER | |
| Classification number | 910.549143 |
| Author Mark | QAS |
| 100 1# - MAIN ENTRY--PERSONAL NAME | |
| Personal name | Qāsmī, ʻAt̤āʻulḥaq. |
| 9 (RLIN) | 1461 |
| 245 10 - TITLE STATEMENT | |
| Title | G̲h̲air mulkī sayyāḥ kā safarnāmah-yi Lāhaur / |
| Statement of responsibility, etc. | ʻAt̤āʻulḥaq Qāsmī. |
| 260 ## - PUBLICATION, DISTRIBUTION, ETC. | |
| Place of publication, distribution, etc. | Lāhaur : |
| Name of publisher, distributor, etc. | Nastʻalīq Mat̤būʻāt, |
| Date of publication, distribution, etc. | 2007. |
| 300 ## - PHYSICAL DESCRIPTION | |
| Extent | 128 p. ; |
| Dimensions | 22 cm. |
| 500 ## - GENERAL NOTE | |
| General note | Wit and humor. |
| 546 ## - LANGUAGE NOTE | |
| Language note | In Urdu. |
| 906 ## - LOCAL DATA ELEMENT F, LDF (RLIN) | |
| a | 7 |
| b | cbc |
| c | origode |
| d | 4 |
| e | ncip |
| f | 20 |
| g | y-gencatlg |
| 942 ## - ADDED ENTRY ELEMENTS (KOHA) | |
| Source of classification or shelving scheme | |
| Koha item type | Book |
| Withdrawn status | Lost status | Source of classification or shelving scheme | Damaged status | Not for loan | Permanent Location | Current Location | Shelving location | Date acquired | Total Checkouts | Total Renewals | Full call number | Barcode | Date last seen | Date last checked out | Copy number | Price effective from | Koha item type |
|---|---|---|---|---|---|---|---|---|---|---|---|---|---|---|---|---|---|
| Central Library (CL) | Central Library (CL) | Travels | 07/16/2020 | 1 | 1 | 910.549143 QAS | CL1880 | 07/06/2022 | 03/05/2021 | 1 | 07/16/2020 | Book |
